ბათუმის შოთა რუსთაველის სახელმწიფო უნივერსიტეტის ბიბლიოთეკა

სამოქალაქო და სამრეწველო ნაგებობათა ფუძე-საძირკვლების დაპროექტება და გაანგარიშება (ბიბ.ჩანაწერი № 52343)

000 -LEADER
fixed length control field 01093nam a2200217Ia 4500
001 - CONTROL NUMBER
control field 19361
003 - CONTROL NUMBER IDENTIFIER
control field GE_BSU
008 - FIXED-LENGTH DATA ELEMENTS--GENERAL INFORMATION
fixed length control field 181216s||||||||xx |||||||||||||| ||und||
040 ## - CATALOGING SOURCE
Transcribing agency GE_BSU
080 ## - UNIVERSAL DECIMAL CLASSIFICATION NUMBER
Universal Decimal Classification number 624.15
100 ## - MAIN ENTRY--PERSONAL NAME
Personal name ქიქავა თ; გოგელია კ.
245 ## - TITLE STATEMENT
Title სამოქალაქო და სამრეწველო ნაგებობათა ფუძე-საძირკვლების დაპროექტება და გაანგარიშება
245 ## - TITLE STATEMENT
Remainder of title მეთოდური სახელმძღვანელო
260 ## - PUBLICATION, DISTRIBUTION, ETC.
Place of publication, distribution, etc. ბათუმი.
260 ## - PUBLICATION, DISTRIBUTION, ETC.
Name of publisher, distributor, etc. შოთა რუსთაველის სახელმწ. უნ-ტი
260 ## - PUBLICATION, DISTRIBUTION, ETC.
Date of publication, distribution, etc. 2010
300 ## - PHYSICAL DESCRIPTION
Extent 60გვ; ცხრ;19სმ;
653 ## - INDEX TERM--UNCONTROLLED
Uncontrolled term ინჟინერია
653 ## - INDEX TERM--UNCONTROLLED
Uncontrolled term სამოქალაქო და სამრეწველო ნაგებობათა ფუძე-საძირკვლების დაპროექტება და გაანგარიშება
942 ## - ADDED ENTRY ELEMENTS (KOHA)
Koha item type წიგნი
ეგზემპლარები
Withdrawn status Lost status Damaged status Not for loan Date acquired Barcode Date last seen Price effective from Koha item type
        2018-12-17 48201 2018-12-17 2018-12-17 წიგნი